Legendry and Mythical Pokémon of Sinnoh - Statistics

General Stats
  • This quiz has been taken 9 times
  • The average score is 13 of 15
Answer Stats
Hint Answer % Correct
493 Arceus
100%
482 Azelf
100%
488 Cresselia
100%
491 Darkrai
100%
483 Dialga
100%
487 Giratina
100%
485 Heatran
100%
481 Mesprit
100%
484 Palkia
100%
480 Uxie
100%
492 Shaymin
88%
490 Manaphy
75%
489 Phione
63%
486 Regigigas
63%
494 Victini
50%
No matching quizzes found
Score Distribution
Percent of People with Each Score
Percentile by Number Answered
Your Score History
You have not taken this quiz